000 01025nam0a22002651 4500
001 rc\4877853
005 20130426150409.7
021 _aRU
_b[63-9270]
035 _a(NLR Aleph) 008914583
090 _a8785349
_c8785349
100 _a20130426d1962 |||y0rusy50 ca
101 0 _arus
102 _aRU
105 _aa z |||||
200 1 _aНаше общее дело
_eИз опыта работы с детьми по месту жительства
_e[Сборник статей
_fОбработка А.К. Анисенковой и др.]
210 _aГорький
_cКн. изд-во
_d1962
215 _a93 с.
_cил.
_d20
606 _aРодительские комитеты при домоуправлении
_jСборники
_2psbo
606 _aДомоуправления
_xРабота с детьми
_yГорький, город
_2psbo
702 1 _aАнисенкова
_bА. К.
_4570
801 0 _aRU
_bNLR
_gpsbo
801 1 _aRU
_bELAR
_2rusmarc
852 _aNLR
_j63-4/3021
942 _cBOOK
980 _aNB